00000000nam##2200000za#4500
0019.620804
003CaOODSP
00520240212134142
007ta
008150406|1993||||xxc|||||     f|0| 0 fre|d
020 |a0-662-98144-8
022 |a1713-0646
040 |aCaOODSP|bfre
043 |an-cn---
0861 |aNE22-1/1993-4F
1101 |aCanada. |bOffice national de l'énergie.
24510|aVisant: Altamont Gas Transmission Canada Limited : |bdemande du 26 juillet 1991 concernant des installations pipelinières servant au transport du gaz; question préalable de compétence
260 |aCalgary - Alberta : |bOffice national de l'énergie |cFévrier 1993.
300 |a48p. : |bfigures, références ; |c28 cm.
4901 |aMotifs de décision|x1713-0646
563 |aCouverture souple
69107|aIndustrie pétrolière|2gcpds
77508|tIn the matter of: Altamont Gas Transmission Canada Limited : |w(CaOODSP)9.608736
7760#|tMotifs de décision relativement à Altamont Gas Transmission Canada Limited : |w(CaOODSP)9.602765
830#0|aMotifs de décision (Canada. Office national de l'énergie)|x1713-0646|w(CaOODSP)9.513162
986 |aGHW-1-92